000 00682cam a22002171 4500
001 f 01001971
003 DLC
005 20260227111241.0
008 780510m18411842fr 000 0 fre
010 _af 01001971
035 _a(OCoLC)3882601
040 _aDLC
_cFTaSU
_dFTaSU
_dDLC
045 _av8v9
050 0 0 _aDC146
_b.D95
100 1 _aDuval, Georges,
_d1772-
245 1 0 _aSouvenirs de la terreur de 1788 à 1793,
_cpar M. Georges Duval, précédés d'une introduction historique par M. Charles Nodier.
260 _aParis,
_bWerdet,
_c1841-42.
300 _a4 v.
_c22 cm.
651 0 _aFrance
_xHistory
_yRevolution, 1789-1799.
700 1 _aNodier, Charles,
_d1780-1844.
999 _c22688
_d22688